000 00300nam a22001217a 4500
008 230703b xxu||||| |||| 00| 0 eng d
082 _a351
_bWRA
100 _cRonald E. Wraith
245 _aEast African Citizen
260 _aLondon
_bOxford University Press
_c1959
300 _a238p
942 _2ddc
_cBK
999 _c3173
_d3173